000 00714cam a2200253 i 4500
001 111072
005 20230410123609.0
008 130716s2010 fr a 000 0 fre
020 _a9782247084647
041 0 _aFre
050 1 4 _aKJV 5622
_bP598d 2010
082 0 0 _a343.44071
100 1 _aPicod, Yves,
_d1954-
245 1 0 _aDroit de la consommation /
_cYves Picod, Helene Davo.
250 _a2e édition
260 _a[Paris] : Dalloz,
_c2010.
300 _a425 p. ;
_c24 cm.
440 0 _a1volumen
650 0 _aConsumer protection
_xLaw and legislation
_zFrance.
650 4 _aProtección de los Consumidores
_xLegislación
_zFrancia.
700 1 _aDavo, Hélène
942 _2lcc
_cbk
946 _almd
999 _c64617
_d64617